000 00729nam a2200193 4500
001 131840
003 ES-MaACL
007 t|
008 070214s1962 sp r ||||1| spa d
100 1 _aRodríguez Mínguez, Cosme.
_998664
245 1 0 _aEnciclopedia jurídica /
_cCosme Rodríguez Mínguez.
_n, . I,
_pParte penal.
260 _aLa Coruña :
_bMoret,
_c1962.
300 _a1 v. ;
_c24 cm.
505 8 _aContiene: Reglamento de armas y explosivos ; Ley y Reglamento de Caza ; Ley de Contrabando y Defraudación : jurisprudencia y comentarios
740 0 _aReglamento de Armas y Explosivos.
740 0 _aLey y Reglamento de Caza.
740 0 _aLey de Contrabando y Defraudación.
852 _aES-MaACL
_jE-4265
_bR.51486
999 _c131840
_d131840